| Tag |
First Indicator |
Second Indicator |
Subfields |
| LEADER |
00000cam a22000008a 4500 |
| 001 |
in00000442421 |
| 005 |
20220830144320.4 |
| 008 |
860624s1986 nyu b 001 0 eng |
| 010 |
|
|
|a 86014959
|
| 020 |
|
|
|a 0313256136 (U.S. : lib. bdg. : alk. paper)
|
| 035 |
|
|
|a (OCoLC)13860443
|
| 035 |
|
|
|9 ABW4102AM
|
| 040 |
|
|
|a DLC
|c DLC
|d WQM
|d TXA
|d UtOrBLW
|
| 043 |
|
|
|a n-us---
|
| 049 |
|
|
|a TXAM
|c [A09868973]
|
| 050 |
0 |
0 |
|a Z1361.N39
|b B5 1986
|
| 082 |
0 |
|
|a 016.3068/08996073
|2 19
|
| 090 |
|
|
|a E185.86
|b .B5238 1986
|
| 096 |
|
|
|a Z 1361.N39 B627 1986
|
| 245 |
0 |
0 |
|a Black American families, 1965-1984 :
|b a classified, selectively annotated bibliography /
|c Walter R. Allen, editor-in chief ; Richard A. English and Jo Anne Hall, associate editors ; David Carlson, database programmer ; Bamidele Ade Agbasegbe Demerson, research assistant.
|
| 263 |
|
|
|a 8610
|
| 264 |
|
1 |
|a New York :
|b Greenwood Press,
|c 1986.
|
| 300 |
|
|
|a xxxi, 480 pages
|
| 336 |
|
|
|a text
|b txt
|2 rdacontent
|
| 337 |
|
|
|a unmediated
|b n
|2 rdamedia
|
| 338 |
|
|
|a volume
|b nc
|2 rdacarrier
|
| 490 |
1 |
|
|a Bibliographies and indexes in Afro-American and African studies,
|x 0742-6925 ;
|v no. 16
|
| 500 |
|
|
|a Includes indexes.
|
| 650 |
|
2 |
|a African Continental Ancestry Group
|x bibliography.
|
| 650 |
|
0 |
|a African American families
|v Bibliography.
|
| 700 |
1 |
|
|a Allen, Walter Recharde.
|
| 700 |
1 |
|
|a English, Richard A.
|q (Richard Allyn)
|
| 700 |
1 |
|
|a Hall, Jo Anne.
|
| 830 |
|
0 |
|a Bibliographies and indexes in Afro-American and African studies ;
|v no. 16.
|
| 999 |
|
|
|a MARS
|
| 999 |
f |
f |
|s ce9b59eb-2c5d-3f28-b3f9-809585d7f58e
|i bd7e358f-8083-35d7-a18b-3a9f35ded072
|t 0
|
| 952 |
f |
f |
|p ric
|a Texas A&M University
|b Rellis Campus
|c Joint Library Facility
|d Remote Storage
|t 0
|e E185.86 .B5238 1986
|h Library of Congress classification
|i unmediated -- volume
|m A14809868973
|
| 998 |
f |
f |
|a E185.86 .B5238 1986
|t 0
|l Remote Storage
|